|
|
|
|
| LEADER |
01209nam a22003494a 4500 |
| 001 |
36889 |
| 003 |
BD-DhAAL |
| 005 |
20211125162712.0 |
| 008 |
200102r20051971nyua b 001 0 eng d |
| 999 |
|
|
|c 41695
|d 41695
|
| 010 |
|
|
|a 2004060697
|
| 020 |
|
|
|a 0674017722 (pbk. : alk. paper)
|
| 020 |
|
|
|a 9780674017726
|
| 020 |
|
|
|a 9780674000780
|
| 040 |
|
|
|a DLC
|c DLC
|d DLC
|d BD-DhAAL
|
| 042 |
|
|
|a pcc
|
| 050 |
0 |
0 |
|a JC578
|b .R38 2005
|
| 082 |
0 |
0 |
|a 320.011
|2 22
|
| 100 |
1 |
|
|a Rawls, John,
|d 1921-2002.
|9 38795
|
| 245 |
1 |
2 |
|a A theory of justice /
|c John Rawls.
|
| 250 |
|
|
|a Original edition
|
| 260 |
|
|
|a Cambridge, Mass. :
|b Belknap Press,
|c c1971 [reprinted 2005]
|
| 300 |
|
|
|a xv, 607 pages :
|b illustrations ;
|c 23 cm.
|
| 500 |
|
|
|a Reprint. Originally published: 1971.
|
| 504 |
|
|
|a Includes bibliographical references and index.
|
| 526 |
|
|
|a SOL
|
| 541 |
|
|
|a Trim Education
|e 36889
|
| 650 |
|
0 |
|a Justice.
|9 38796
|
| 650 |
|
0 |
|a Law.
|9 38797
|
| 852 |
|
|
|a Ayesha Abed Library
|c General Stacks
|
| 942 |
|
|
|2 ddc
|c BK
|
| 952 |
|
|
|0 0
|1 0
|2 ddc
|4 0
|6 320_011000000000000_RAW
|7 0
|9 67628
|a BRACUL
|b BRACUL
|c GEN
|d 2020-01-02
|e Trim Education
|g 3115.00
|l 1
|o 320.011 RAW
|p 3010036889
|r 2025-05-02
|s 2025-04-30
|t 1
|v 3115.00
|w 2020-01-02
|y BK
|